01286nam a22002417a 450000500170000000800410001702000180005804100080007608200160008410000320010024500880013226000150022026000100023550505540024565000330079965000220083265000290085465000360088365000320091994200110095199900170096295200650097920220505142756.0220505b xxu||||| |||| 00| 0 spa d a9789968702720 aspa a574.5 M722a aMolina Vega, Efrén923673 aAprendiendo a conservar: láminas didácticas del manual de actividades escolares aCosta Rica bInBio aLámina 1 Ecosistemas de Costa Rica: El páramo Lámina 2 Ecosistemas de Costa Rica: El bosque tropical nuboso Lámina 3 Ecosistemas de Costa Rica: El bosque tropical húmedo Lámina 4 Ecosistemas de Costa Rica: El bosque tropical seco Lámina 5 Ecosistemas de Costa Rica: El manglar Lámina 6 Ecosistemas de Costa Rica: El arrecife de coral Lámina 7 Recursos naturales Lámina 8 Contaminación ambiental Lámina 9 Sobreexplotación ambiental Lámina 10 Desarrollo sostenible Lámina 11 Ecodiccionario A Lámina 12 Ecodiccionario B aACTIVIDADES ESCOLARES963267 aECOSISTEMAS91110 aRECURSOS NATURALES91141 aCONTAMINACIÓN AMBIENTAL91660 aDESARROLLO SOSTENIBLE91111 cMATDID c13360d13360 104070aBACBbBACBo574.5 M722apLDAC01w2022-05-05yMATDID